00412nam a2200121Ia 4500008004100000020001500041040004400056100001800100245007400118260004500192300001300237500004000250180412s9999||||xx |||||||||||||| ||und|| a9781563915 aAhmadu Bello University Library - Zaria aIrukwu, J. O. 4aThe company, the shareholder, the director, and the lawcJ. O. Irukwu aEnugubFourth Dimension Publishingc1994 ax, 218p. aincludes bibliographical references